00544nam a2200193 a 4500001001300000003000900013005001700022008004100039020001000080082001900090100001800109245008100127260003500208300000900243500003500252505001000287650003500297700001800332nice12345678IN_TiNIC20260116011356.0050524s0000 lona grp 000 0 eng  ac10000a915.40405bPIG aPigott, B A F aLilias Trotterb Lalla Lili: the Arabs` Name for Her..founder of the Algiers aLondonbMarshal Brothersc0000 a245p aincludes index and biblioraphy2 aIllus aAlgeria-description and travel1 aPigott, B A F